Finalistes de Koh-Lanta - Statistiques

Statistiques générales
  • Ce quiz a été pris 286 fois
    168 depuis la dernière actualisation
  • Le résultat moyen est 104 sur 136
Statistiques - réponses
Saison Réponse % Correct
5 | H5 Clémence
100%
16 Benoît
95%
10 | H3 | H6 | H7 Claude
95%
17 Clémentine
95%
16 | H2 Freddy
95%
8 | 17 | 24 Frédéric
95%
22 Laure
95%
21 | H6 Alexandra
90%
14 Chantal
90%
H6 Inès
90%
7 | H1 | H7 Jade
90%
16 Jesta
90%
11 | H4 | H7 Laurent
90%
14 Marc
90%
14 Melissa
90%
H4 Moundir
90%
3 | H6 Moussa
90%
15 | H5 Pascal
90%
12 | H4 | H7 Phil
90%
15 Wendy
90%
2 Amel
85%
18 André
85%
8 | H3 Bertrand
85%
12 | 21 Brice
85%
14 | 16 Bruno
85%
20 Cindy
85%
H2 | H3 Coumba
85%
1 Gilles
85%
20 | H3 Maud
85%
4 | 10 Philippe
85%
18 Tiffany
85%
12 | H7 Ugo
85%
8 Christelle
80%
5 Francis
80%
15 Gabriel
80%
H2 Grégoire
80%
7 Kévin
80%
21 Loïc
80%
22 Lucie
80%
18 Magalie
80%
H4 Martin
80%
22 Maxine
80%
5 Mohamed
80%
H6 Naoil
80%
2 | 24 Nicolas
80%
9 | H3 Patrick
80%
11 Teheiura
80%
16 Candice
75%
9 Christina
75%
3 Delphine
75%
21 Dorian
75%
23 François
75%
11 Gérard
75%
3 | 9 Isabelle
75%
H5 Javier
75%
H5 Jeremy
75%
21 Lola
75%
24 Tania
75%
12 Vanessa
75%
10 Véronique
75%
10 Wafa
75%
2 | 12 Bernard
70%
11 Ella
70%
6 Émilie
70%
H1 Filomène
70%
6 François-David
70%
1 Guénaëlle
70%
H1 Jean-Bernard
70%
24 | 25 Julie
70%
25 Léa
70%
25 Meïssa
70%
4 Raphaël
70%
4 | H1 Romuald
70%
3 Tony
70%
25 Amri
65%
22 Arnaud
65%
23 Bastien
65%
15 Cécilia
65%
26 Charlotte
65%
H2 Christophe
65%
23 Géraldine
65%
22 Jonathan
65%
4 | H2 Linda
65%
25 Pauline
65%
6 Sébastien
65%
26 Thibault
65%
17 Vincent
65%
9 Fabienne
60%
26 Jacques
60%
17 Mathilde
60%
7 Simon
60%
20 Steeve
60%
20 Aurélien
55%
20 Clo
55%
23 Jean-Charles
55%
6 Ludovic
55%
7 Maryline
55%
5 Alexis
50%
26 Cécile
50%
26 Ilyesse
50%
1 Romain
50%
18 Sandrine
50%
8 Nathalie
45%
23 Ambre
40%
2 Marianne
35%
1 Patricia
35%
Aucun quiz correspondant
Distribution des résultats
% des personnes avec chaque résultat
Percentile par nombre de réponses
Votre historique - résultats
Vous n’avez pas pris ce quiz depuis la dernière actualisation